THE OTHER SIDE OF MIDNIGHT (Record no. 3388)
[ view plain ]
| 000 -LEADER | |
|---|---|
| fixed length control field | 00272nam a22001217a 4500 |
| 082 ## - DEWEY DECIMAL CLASSIFICATION NUMBER | |
| Classification number | 823 |
| Item number | SHE/O |
| 100 ## - MAIN ENTRY--AUTHOR NAME | |
| Personal name | SHELDON SIDNEY |
| 245 ## - TITLE STATEMENT | |
| Title | THE OTHER SIDE OF MIDNIGHT |
| 260 ## - PUBLICATION, DISTRIBUTION, ETC. (IMPRINT) | |
| Place of publication | LONDON |
| Name of publisher | HARPPER COLLINS |
| 300 ## - PHYSICAL DESCRIPTION | |
| Number of Pages | 434 |
| 650 ## - SUBJECT ADDED ENTRY--TOPICAL TERM | |
| Topical Term | ENGLISH NOVEL |
| Geographic subdivision | LONDON |
| 942 ## - ADDED ENTRY ELEMENTS (KOHA) | |
| Koha item type | Books |
| Withdrawn status | Lost status | Collection code | Home library | Current library | Shelving location | Date acquired | Source of acquisition | Full call number | Accession Number | Koha item type |
|---|---|---|---|---|---|---|---|---|---|---|
| Fiction | Main Library | Main Library | SHELF 2-J-ENGLISH NOVELS FOR TEACHERS | 06/08/2011 | PURCHASE | 823 SHE/O | 05562 | Books |